000 00538cam a2200205 4500
001 J1708
008 1937
035 _a(Sirsi) u45100
041 _aeng
245 _aProspectus, Regulations and Syllabus for Examinations 1938
260 _aLondon
_bAuctioneers' and Estate Agents' Institute
_c1937
300 _a27p.
_c22cm
350 _a0
650 _aEXAMINATIONS
650 _aSYLLABUS
651 4 _aGreat Britain
690 _aBusiness and management
942 _n0
948 _c04/03/1997
999 _c91646
_d91646